00692nam a2200217Ia 4500003000400000005001700004008004100021020001500062040001800077041000800095082002200103100001800125245010500143250001200248260006700260300002600327650002900353650004600382650002500428700002100453OSt20250304142605.0210716s2000 xx 000 0 und d a8173662452 cAIMIT LIBRARY aeng a006.671 21bGOMP aGomez, Paco;  aProfessional java 2 enterprise edition with bea weblogic server /cBy Paco Gomez and Peter Zadrozny. a1st ed. aMumbai :bShroff Publishers and Distributors Pvt Ltd ,c2000. axi,509p. ;bPBc24 cm aCreating a web front end aStored procedures mutate to session beans aJava message service aZadrozny, Peter.